Quizzes
Events
Quiz Creation
Community
Videos
Private Events
Remove Ads
Sign In
Join for FREE
Feedback
Dark Mode
Quiz Categories
Sports
Geography
Music
Movies
Television
Just For Fun
Miscellaneous
History
Literature
Language
Science
Gaming
Entertainment
Religion
Holiday
For Kids
Quiz Lab
Recent
Popular Today
Quiz Kudos Today
Editor Picks
Curator Picks
Quizzes by...
Day
Popularity
Type
Ratings
Length
Year
Community
Subscriptions
Recent Discussions
Orange Saloon
Badges
Playlists
Quests
Create
Leaderboards
Showdown
Live 5
Trivia Bingo
Activity
Puzzle Library
Sporcle Events
Private Events
Virtual Trivia
Globe League
Become a Host
Pub Owners
SporcleCon
Opinionation
Our Games
Videos
Blog
Mobile Apps
Partnerships
Remove Ads and Go Orange
Feedback
Music
Pop Music
The Beatles
Song
Album
Lyrics
Bands
Singers
Artist
Clip
Rock
Rap
Classical
Billboard
Country Music
Kpop
Taylor Swift
Music
Pop Music
The Beatles
Song
Album
Lyrics
Bands
Singers
Artist
Clip
Rock
Rap
Classical
Billboard
Country Music
Kpop
Taylor Swift
Random Quiz
Search Sporcle
×
Quiz Lab
Quiz Lab
Music
Album
Type in answers that appear in a list
Type in answers that appear in a list
Classic
Best Score? Go Orange.
Martina McBride Songs Stats
Can you name the songs recorded by Martina McBride?
By
Wild_Angel
20m
163 Questions
308 Plays
308 Plays
308 Plays
Comments
Comments
Give Quiz Kudos
Give Quiz Kudos
-
- Ratings
hide this ad
Replay
Link that replays current quiz
Next Quiz
Link to next quiz in quiz playlist
You Got
0%
They Got
Avg Score
56%
Avg Friend Score
Upgrade to see
Score Distribution
Jump to the score distribution portion of the page
Score
0/163
Timer
20:00
0
Plays Today
Album
Song
% Correct
Wild Angels
Wild Angels
91.2%
Wild Angels
91.2%
Independence Day
90.6%
Independence Day
90.6%
Concrete Angel
90.6%
Concrete Angel
90.6%
Independence Day
90.6%
Independence Day
90.6%
This One's For the Girls
86%
This One's For the Girls
86%
On Target
This One's For the Girls
86%
A Broken Wing
83.8%
A Broken Wing
83.8%
My Baby Loves Me
82.1%
Valentine
82.1%
Greatest Hits
My Baby Loves Me
82.1%
Valentine
82.1%
Valentine
82.1%
Love's the Only House
81.8%
Love's the Only House
81.8%
Anyway
81.8%
Anyway
81.8%
Blessed
81.5%
God's Will
81.5%
Happy Girl
77.3%
I Love You
77.3%
Happy Girl
77.3%
I Love You
77.3%
Live In Concert (CD)
Happy Girl
77.3%
Life #9
76.3%
Life #9
76.3%
When God Fearin' Women Get the Blues
76.3%
Ride
76.3%
Shine
Wrong Baby Wrong
75%
Safe in the Arms of Love
74.4%
Safe in the Arms of Love
74.4%
Wrong Again
74%
Wrong Again
74%
How Far
74%
Wrong Again
74%
Strangers
72.7%
Strangers
72.7%
Rose Garden
72.7%
There You Are
72.4%
There You Are
72.4%
Whatever You Say
71.4%
Whatever You Say
71.4%
In My Daughter's Eyes
71.4%
Whatever You Say
71.4%
In My Daughter's Eyes
71.4%
Where Would You Be
69.5%
I Just Call You Mine
69.2%
She's a Butterfly
68.8%
White Christmas
68.8%
Wearing White
65.3%
Album
Song
% Correct
How I Feel
64%
City of Love
63.3%
Over the Rainbow
63.3%
For These Times
63.3%
O Holy Night
62.7%
Cheap Whiskey
61.4%
Jingle Bells
61%
Sunny Side Up
58.4%
Reluctant Daughter
58.1%
Martina
So Magical
57.5%
Learning to Fall
57.5%
Two More Bottles of Wine
57.1%
Lies
57.1%
Cry on the Shoulder of the Road
56.8%
Love Land
56.8%
Wild Rebel Rose
56.8%
You Ain't Woman Enough
56.5%
Walk Away
56.2%
I'm Trying
56.2%
Silent Night
56.2%
Phones are Ringing All Over Town
55.8%
The Time Has Come
That's Me
54.5%
From the Ashes
53.9%
From the Ashes
53.9%
The Christmas Song
53.9%
When You Are Old
53.6%
When You Are Old
53.6%
Evolution
I'm Little But I'm Loud
53.2%
Still Holding On
53.2%
Rope
52.3%
House of a Thousand Dreams
52.3%
You're Not Leaving Me
52.3%
I'll Still Be Me
51.9%
When You Love Me
51.6%
Tryin' To Find a Reason
51%
Hit Me With Your Best Shot
51%
It's My Time
50.6%
Beautiful Again
50.6%
White Christmas (2007)
Let It Snow, Let It Snow, Let It Snow
50.6%
Be That Way
50%
Ashes
49.4%
Some Say I'm Running
49.4%
Waking Up Laughing
If I Had Your Name
49.4%
Some Say I'm Running
49.4%
Everybody Does
49%
Satin Sheets
48.7%
Baby It's Cold Outside
48.4%
I'll Be There
48.1%
Away in a MAnger
48.1%
That Wasn't Me
47.7%
O Come All Ye Faithful
47.7%
This Uncivil War
47.4%
Thanks a Lot
47.4%
Don't Cost a Dime
46.4%
I'll Be Home for Christmas
46.4%
Album
Song
% Correct
Goin' To Work
46.1%
All the Things We've Never Done
45.8%
Help Me Make it Through The Night
45.8%
All the Things We've Never Done
45.8%
I Can't Stop Loving You
45.5%
Timeless
You Win Again
45.1%
Have Yourself a Merry Little Christmas
45.1%
Do You Hear What I Hear
45.1%
A Great Disguise
44.8%
Swinging Doors
44.5%
Silver Bells
44.2%
Once a Day
43.5%
What Do I Have to Do
43.2%
Beyond the Blue
42.9%
Winter Wonderland
42.9%
Keeping My Distance
42.5%
Heartaches By the Number
42.5%
Harper Valley PTA
42.2%
True Blue Fool
41.9%
What Child is This
41.2%
She Ain't Seen Nothing Yet
40.9%
Make the World Go Away
39.9%
The Way That I Am
Heart Trouble
39.6%
Here In My Heart
39.6%
Goodbye
39.3%
Pick Me Up On Your Way Down
39.3%
I Won't Close My Eyes
39%
At Last
39%
I Still Miss Someone
38.6%
Hark The Herald the Angels Sing
38%
Woman Knows
36.4%
Where I Used To Have A Heart
36.4%
Born to GIve My Love to You
36.4%
My Heart
Born to Give My Love To You
36.4%
Emotion
Do What You Do
35.7%
Anything's Better Than Feeling the Blues
35.4%
Make Me Believe
35.4%
Cry Cry (Till the Sun Shines)
35.4%
Walk That Line
34.7%
Till I Can Make it on my Own
33.4%
Anything and Everything
33.1%
You've Been Driving All the Time
31.8%
I Don't Want to See You Again
31.8%
One Day You Will
30.2%
True Love Ways
30.2%
Losing You Feels Good
29.9%
I Ain't Going Nowhere
29.9%
Together Again
28.6%
I Can't Sleep
28.2%
Being Myself
27.6%
Today I Started Loving You Again
26.3%
I Don't Hurt Anymore
26%
Love's Gonna Live Here
25.6%
Quiz Playlist
Details
Report
Send in Message
Add To Playlist
Classic:
Type in answers that appear in a list
Last Updated: Feb 16, 2017
Quiz Scoreboard
CHALLENGE
Sign Up to Join the Scoreboard
Show All
Scores
Hide
Comments
May contain spoilers
Recently Published
Presidents Visiting Landmarks
by Hejman
History
7m
An Introduction to Baseball
by treessimontrees
Sports
5m
Movies - When Are They Set?
by FPL_Elf
Movies
5m
More to Explore
Quiz From the Vault
Featured Blog Post
Where Did the Easter Bunny Come From?
hide this ad
You Might Also Like...
Tags
Album Quiz
Song Quiz
martina
mcbride
Recorded
Today's Top Quizzes in Music
Browse Music
hide this ad
Today's Top Quizzes in Album
Browse Album
Top Contributed Quizzes in Music
1
Taylor Swift All Songs (2024)
2
Guess the Artist- 70s Songs
3
Taylor Swift Logic Puzzle
4
KPOP LOGIC QUIZ
5
One Thing in Common: Music
6
2010s Album by Cover III
7
7-to-1: Billboard Hot 100 #1 Hits of 2010s
8
Guess the Taylor Swift song (Mystery Song)
9
Sorting Albums and Songs
10
2000s Album Cover Bunker
Explore More
Trending Topics
Anime
Disney
Kpop
NBA
Marvel
Crossword
Harry Potter
NFL
The Office
Pokémon
WWE
Soccer
Country
Song
Puzzle
hide this ad
More By:
Wild_Angel
Quiz
Plays
Rating
Category
Featured
Created
Episodes of ER
1,024
5.00
Television
Oct 31, 2009
Martina McBride Songs
308
Music
Nov 3, 2009
Go to Creator's Profile
Score Distribution
Quiz Creator Spotlight
Wild_Angel
Follow
Send a Message
Quizzes Created
-
Created Quiz Play Count
-
More By This Creator
Popular Quizzes Today
1
Find the US States - No Outlines Minefield
2
Find the Countries of Europe - No Outlines Minefield
3
The Countries of the World
4
Find the US States
5
Popular People in 1961
6
US States
7
Risky Map Clicking: Biggest States A-Z
8
1-10 Letter E Words III
More Music Quizzes
kpop girl group sorting 2
Quiz Lab
Trending Quizzes
Risky Map Clicking: Least Populous States A-Z
1-10 Letter G Words
1-10 Letter F Words
One Thing in Common: United Kingdom
Risky Map Clicking: Next State Alphabetically
Recently Updated
Leaping Animals
pecheneg
Reality TV Shows (A-Z)
bhenderson79
Rickey Henderson's Hall of Fame Teammates
pecheneg
Champions League XIs: Arsenal
pecheneg
Quick Pick: Celebrities in WWE's Hall of Fame
aduchscher
A-Z Keypad Blitz II
pecheneg
Multiple Oscar Actors
pecheneg
Mystery Phrase Blitz: Oscar 'Best Actors'
pecheneg
F. Scott Fitzgerald Novels
LTH
Pick 3 Villains
ddd62291
Trending Topics
Disney
Kpop
Harry Potter
Anime
Marvel
Crossword
NBA
NFL
WWE
Soccer
Song
The Office
Puzzle
Pokémon
Country
Your Account Isn't Verified!
In order to create a playlist on Sporcle, you need to verify the email address you used during registration. Go to your
Sporcle Settings
to finish the process.
Report this User
Report this user for behavior that violates our
Community Guidelines
.
Details:
Send Report
Go to the Sporcle.com Mobile Site →
Comments